000 00295nam a22001337a 4500
008 170803b xxu||||| |||| 00| 0 eng d
020 _a9780782111828
041 _aeng
080 _a004
100 _a32
101 _aSHKI
245 _aPAGEMAKER 5.0 FOR WINDOWS
_cALTMAN, R
942 _2udc
_cBK
999 _c22642
_d22642